Statistiques concernant Quiz des personnalités françaises

Cliquez ici pour prendre le quiz!

Statistiques générales

  • Ce quiz a été pris 105 fois
  • Le résultat moyen est 9 sur 14

Statistiques - réponses

HintRéponse% Correct
En 2011, il tient aux côtés de François Cluzet la vedette du film Intouchables, qui, avec 19,44 millions de spectateurs, est au premier rang du box office français en 2011 et le troisième plus gros succès du cinéma français.Omar Sy
98%
Scientifique d'exception, elle est la première femme à avoir reçu le prix Nobel et, à ce jour, la seule femme à en avoir reçu deux.Marie Curie
88%
Il est Premier ministre du 14 avril 1962 au 10 juillet 1968 et président de la République du 20 juin 1969 à sa mort.Georges Pompidou
85%
Femme politique française possédant également la nationalité espagnole candidate du PS à l'élection présidentielle de 2022, elle n'obtient que 1,74 % des suffrages, soit le score le plus bas obtenu par son parti depuis sa création.Anne Hidalgo
77%
De 1990 à 1995, il fait partie du trio Fredericks Goldman Jones avec le Franco-Gallois Michael Jones et l'Américaine Carole Fredericks, avant de reprendre une carrière solo, interrompue en 2004.Jean-Jacques Goldman
76%
Biathlète français, quintuple champion olympique, sept fois vainqueur du classement général de la Coupe du monde et treize fois champion du monde dont la carrière internationale s'étend de 2007 à 2020.Martin Fourcade
71%
Actionnaire majoritaire et président-directeur général du groupe de luxe LVMH, il est également propriétaire des journaux Les Échos ou Le Parisien.Bernard Arnault
69%
Né le 30 septembre 1986 à Chambéry (Savoie), est un footballeur international français qui évolue au poste d'attaquant à l'AC Milan.Olivier Giroud
69%
Il est désigné Meilleur joueur du monde World Rugby en 2021 et est le capitaine du XV de France qui remporte son dixième Grand Chelem à l'issue du Tournoi des Six Nations 2022.Antoine Dupont
64%
Active au cinéma depuis la fin des années 1990, elle est révélée au grand public par son rôle de compagne du protagoniste dans la saga Taxi, qu'elle incarne dans les trois premiers films de la franchise.Marion Cotillard
56%
Chef des opérations spéciales à partir de 2011, il devient présentateur du journal de 20 heures de TF1, le 4 juin 2012, succédant à Laurence Ferrari.Gilles Bouleau
41%
A enregistré, en cinquante cinq ans de carrière, 26 albums studio et 18 albums live, réunissant un total de plus de 350 chansons, et reçu cinq Victoires de la musique. Il a vendu plus de 100 millions de disques ce qui le classe parmi les plus grands vendeurs de disques français.Michel Sardou
31%
Membre du Parti socialiste à partir de 1974, il est député de la 2e circonscription de la Seine-Maritime de 1978 à 1981.Laurent Fabius
19%
Après avoir publié durant neuf ans La Vie secrète des jeunes dans Charlie Hebdo (jusqu'en octobre 2014), il rejoint L'Obs, où, depuis 2015, il publie chaque semaine Les Cahiers d'Esther, d'après les histoires vraies d'une petite fille.Riad Sattouf
19%

Distribution des résultats

Percentile par nombre de réponses

% des personnes avec chaque résultat

Votre développement - résultats

Vous n’avez pas pris ce quiz